Statistics for Biggest Coastal African Cities Quiz

Click here to take the quiz!

General Stats

  • This quiz has been taken 42 times
  • The average score is 11 of 12

Answer Stats

PopulationCity% Correct
5.80 milAlexandria
100%
4.23 milCape Town
100%
19.4 milLagos
100%
3.98 milAlgiers
97%
3.73 milDakar
97%
5.60 milAbidjan
91%
5.10 milAccra
91%
8.15 milLuanda
91%
6.45 milDar-es-Salaam
88%
3.43 milDurban
88%
4.48 milCasablanca
85%
3.38 milDouala
30%

Score Distribution

Percentile by Number Answered

Percent of People with Each Score

Your Score History

You have not taken this quiz